FUNDAMENTALS OF OPTICS (Record no. 9405)
[ view plain ]
| 000 -LEADER | |
|---|---|
| fixed length control field | 00464nam a22001697a 4500 |
| 003 - CONTROL NUMBER IDENTIFIER | |
| control field | SGT |
| 020 ## - INTERNATIONAL STANDARD BOOK NUMBER | |
| International Standard Book Number | 9781259002298 |
| 082 ## - DEWEY DECIMAL CLASSIFICATION NUMBER | |
| Classification number | 535,JEN |
| 100 ## - MAIN ENTRY--PERSONAL NAME | |
| Personal name | JENKINS A. FRANCIS |
| 245 ## - TITLE STATEMENT | |
| Title | FUNDAMENTALS OF OPTICS |
| 250 ## - EDITION STATEMENT | |
| Edition statement | 4TH |
| 260 ## - PUBLICATION, DISTRIBUTION, ETC. (IMPRINT) | |
| Place of publication, distribution, etc | NEW DELHI |
| Name of publisher, distributor, etc | MC GRAW HILL |
| Year of Publication | 2011 |
| 300 ## - PAGE DESCRIPTION | |
| No. of Pages | 746 |
| 650 ## - SUBJECT ADDED ENTRY--TOPICAL TERM | |
| Topical term or geographic name as entry element | LIGHT & RELATED RADIATION |
| 653 ## - KEYWORDS--INDEX TERM | |
| Keyword term | PROPERTIES OF LIGHT, PLANE SURFACES AND PRISMS, SPHERICAL SURFACE, THIN LENSES, THICK LENSES |
| 942 ## - ADDED ENTRY ELEMENTS (KOHA) | |
| Source of classification or shelving scheme | Dewey Decimal Classification |
| Koha item type | FPS Books |
| Withdrawn status | Lost status | Source of classification or shelving scheme | Damaged status | Not for loan | Collection code | Home library | Current library | Shelving location | Date acquired | Vendor Name | Cost, normal purchase price | SGTU | Bill Number | Full call number | Accession No. (Barcode) | Date last seen | Bill Date | Koha item type | Total Checkouts | Date last borrowed |
|---|---|---|---|---|---|---|---|---|---|---|---|---|---|---|---|---|---|---|---|---|
| Dewey Decimal Classification | Not For Loan | SCIENCE | SGT Science & Social Sciences Library | SGT Science & Social Sciences Library | Reference Book | 01/07/2016 | KIRTI PRAKASHAN | 650.00 | SGTU | 2947 | 535,JEN | PS971 | 01/07/2016 | 19/09/2015 | FPS Books | |||||
| Dewey Decimal Classification | SCIENCE | SGT Science & Social Sciences Library | SGT Science & Social Sciences Library | Text Book | 09/09/2016 | AHUJA BOOK | 675.00 | SGTU | 7132 | 535,JEN | PS2284 | 02/09/2019 | FPS Books | 6 | 19/08/2019 | |||||
| Dewey Decimal Classification | SCIENCE | SGT Science & Social Sciences Library | SGT Science & Social Sciences Library | Text Book | 09/09/2016 | AHUJA BOOK | 675.00 | SGTU | 7132 | 535,JEN | PS2285 | 02/09/2019 | FPS Books | 4 | 19/08/2019 |